000
00316nam a2200145 a 4500
008
010430s1988||||xx 0 und c
040
_a
SNK
_b
slo
_c
SNK
_e
AACR2
100
1
_a
Fowles, John
245
1
0
_a
Sběratel
260
_a
Praha
_b
Odeon
_c
1988
300
_a
295 s.
020
_c
24
044
_a
CZ
041
_a
slo
999
_c
10660
_d
10660